<?xml version="1.0" encoding="UTF-8"?>
<collection xmlns="http://www.loc.gov/MARC21/slim">
 <record>
  <leader>01698cam a2200409   4500</leader>
  <controlfield tag="001">1131883632</controlfield>
  <controlfield tag="003">DE-627</controlfield>
  <controlfield tag="005">20240331184020.0</controlfield>
  <controlfield tag="007">tu</controlfield>
  <controlfield tag="008">971015s1961    xx |||||      00| ||eng c</controlfield>
  <datafield tag="035" ind1=" " ind2=" ">
   <subfield code="a">(DE-627)1131883632</subfield>
  </datafield>
  <datafield tag="035" ind1=" " ind2=" ">
   <subfield code="a">(DE-576)061883638</subfield>
  </datafield>
  <datafield tag="035" ind1=" " ind2=" ">
   <subfield code="a">(DE-599)BSZ061883638</subfield>
  </datafield>
  <datafield tag="035" ind1=" " ind2=" ">
   <subfield code="a">(OCoLC)312852558</subfield>
  </datafield>
  <datafield tag="035" ind1=" " ind2=" ">
   <subfield code="a">(OCoLC)312852558</subfield>
  </datafield>
  <datafield tag="035" ind1=" " ind2=" ">
   <subfield code="a">(DE-604)8115113436</subfield>
  </datafield>
  <datafield tag="040" ind1=" " ind2=" ">
   <subfield code="a">DE-627</subfield>
   <subfield code="b">ger</subfield>
   <subfield code="c">DE-627</subfield>
   <subfield code="e">rakwb</subfield>
  </datafield>
  <datafield tag="041" ind1=" " ind2=" ">
   <subfield code="a">eng</subfield>
  </datafield>
  <datafield tag="084" ind1=" " ind2=" ">
   <subfield code="a">9,10</subfield>
   <subfield code="2">ssgn</subfield>
  </datafield>
  <datafield tag="084" ind1=" " ind2=" ">
   <subfield code="a">LI 99999</subfield>
   <subfield code="2">rvk</subfield>
   <subfield code="0">(DE-625)rvk/97471:</subfield>
  </datafield>
  <datafield tag="100" ind1="1" ind2=" ">
   <subfield code="a">Auerbach, Erna</subfield>
   <subfield code="d">1897-1975</subfield>
   <subfield code="0">(DE-588)126148473</subfield>
   <subfield code="0">(DE-627)381473228</subfield>
   <subfield code="0">(DE-576)295568070</subfield>
   <subfield code="4">aut</subfield>
  </datafield>
  <datafield tag="245" ind1="1" ind2="0">
   <subfield code="a">Nicholas Hilliard</subfield>
   <subfield code="c">by Erna Auerbach</subfield>
  </datafield>
  <datafield tag="264" ind1=" " ind2="1">
   <subfield code="a">London</subfield>
   <subfield code="b">Routlege &amp; Kegan Paul</subfield>
   <subfield code="c">1961</subfield>
  </datafield>
  <datafield tag="300" ind1=" " ind2=" ">
   <subfield code="a">XXIV, 352 S.</subfield>
   <subfield code="b">Ill.</subfield>
  </datafield>
  <datafield tag="336" ind1=" " ind2=" ">
   <subfield code="a">Text</subfield>
   <subfield code="b">txt</subfield>
   <subfield code="2">rdacontent</subfield>
  </datafield>
  <datafield tag="337" ind1=" " ind2=" ">
   <subfield code="a">ohne Hilfsmittel zu benutzen</subfield>
   <subfield code="b">n</subfield>
   <subfield code="2">rdamedia</subfield>
  </datafield>
  <datafield tag="338" ind1=" " ind2=" ">
   <subfield code="a">Band</subfield>
   <subfield code="b">nc</subfield>
   <subfield code="2">rdacarrier</subfield>
  </datafield>
  <datafield tag="583" ind1="1" ind2=" ">
   <subfield code="a">Archivierung/Langzeitarchivierung gewährleistet</subfield>
   <subfield code="f">SSG</subfield>
   <subfield code="x">XA-DE-BW</subfield>
   <subfield code="2">pdager</subfield>
   <subfield code="5">DE-16</subfield>
  </datafield>
  <datafield tag="689" ind1="0" ind2="0">
   <subfield code="d">p</subfield>
   <subfield code="0">(DE-588)118774468</subfield>
   <subfield code="0">(DE-627)07955346X</subfield>
   <subfield code="0">(DE-576)171132084</subfield>
   <subfield code="a">Hilliard, Nicholas</subfield>
   <subfield code="d">1547-1619</subfield>
   <subfield code="2">gnd</subfield>
  </datafield>
  <datafield tag="689" ind1="0" ind2=" ">
   <subfield code="5">(DE-627)</subfield>
  </datafield>
  <datafield tag="700" ind1="1" ind2=" ">
   <subfield code="a">Hilliard, Nicholas</subfield>
   <subfield code="d">1547-1619</subfield>
   <subfield code="e">Ill.</subfield>
   <subfield code="0">(DE-588)118774468</subfield>
   <subfield code="0">(DE-627)07955346X</subfield>
   <subfield code="0">(DE-576)171132084</subfield>
   <subfield code="4">ill</subfield>
  </datafield>
  <datafield tag="787" ind1="0" ind2="8">
   <subfield code="i">Rezensiert in</subfield>
   <subfield code="a">Vey, Horst, 1930 - 2010</subfield>
   <subfield code="t">[Rezension von: Erna Auerbach, Nicholas Hilliard]</subfield>
   <subfield code="d">Nürnberg : Carl, 1962</subfield>
   <subfield code="w">(DE-627)1831048434</subfield>
  </datafield>
  <datafield tag="936" ind1="r" ind2="v">
   <subfield code="a">LI 99999</subfield>
   <subfield code="b">Sonstige (CSN der Person)</subfield>
   <subfield code="k">Kunstgeschichte</subfield>
   <subfield code="k">Künstler-Monografien</subfield>
   <subfield code="k">Sonstige (CSN der Person)</subfield>
   <subfield code="0">(DE-627)1270635948</subfield>
   <subfield code="0">(DE-625)rvk/97471:</subfield>
   <subfield code="0">(DE-576)200635948</subfield>
  </datafield>
  <datafield tag="951" ind1=" " ind2=" ">
   <subfield code="a">BO</subfield>
  </datafield>
  <datafield tag="990" ind1=" " ind2=" ">
   <subfield code="a">Hilliard, Nicholas</subfield>
  </datafield>
  <datafield tag="991" ind1=" " ind2=" ">
   <subfield code="a">Rezensiertes Werk</subfield>
  </datafield>
  <datafield tag="999" ind1=" " ind2=" ">
   <subfield code="a">KXP-PPN1131883632</subfield>
   <subfield code="e">4285943174</subfield>
  </datafield>
 </record>
</collection>
